000
00283nam a22001217a 4500
008
170612b xxu||||| |||| 00| 0 eng d
041
_a
eng
080
_a
32
100
_a
19
101
_a
SHP
245
_a
POLITICS, POWER, AND BUREUCRACY IN FRANCE
_c
SULEIMAN, E.N
942
_2
udc
_c
BK
999
_c
16956
_d
16956